00374nam a22001457a 4500003000400000008004100004020001800045082001400063100002000077245003600097250000800133260002800141300000800169650005100177OSt260119b |||||||| |||| 00| 0 eng d a9789354662560 a615.4 AGI aAgarwal, Gaurav aIntroduction to Genral Pharmacy a3rd aN.DelhibCBS. Pubc2023 a372 aPharmaceutics (Dispensing and General Pharmacy